MARC details
| 000 -LEADER |
| fixed length control field |
01637nam a2200457Ia 4500 |
| 001 - CONTROL NUMBER |
| control field |
sjds1114515 |
| 003 - CONTROL NUMBER IDENTIFIER |
| control field |
sjds |
| 005 - DATE AND TIME OF LATEST TRANSACTION |
| control field |
20170614195712.0 |
| 008 - FIXED-LENGTH DATA ELEMENTS--GENERAL INFORMATION |
| fixed length control field |
911106t19911991nyua j 000 1 spa d |
| 020 ## - INTERNATIONAL STANDARD BOOK NUMBER |
| International Standard Book Number |
0670841625 : |
| Terms of availability |
$14.95 |
| 020 ## - INTERNATIONAL STANDARD BOOK NUMBER |
| International Standard Book Number |
9780140557589 (pbk.) |
| 020 ## - INTERNATIONAL STANDARD BOOK NUMBER |
| International Standard Book Number |
014055758X ; |
| Terms of availability |
7.99 |
| 020 ## - INTERNATIONAL STANDARD BOOK NUMBER |
| International Standard Book Number |
9780140557589 |
| 020 ## - INTERNATIONAL STANDARD BOOK NUMBER |
| International Standard Book Number |
0590459090 (Scholastic ; pbk.) |
| 035 ## - SYSTEM CONTROL NUMBER |
| System control number |
94690 |
| 035 ## - SYSTEM CONTROL NUMBER |
| System control number |
(OCoLC)24687830 |
| 035 ## - SYSTEM CONTROL NUMBER |
| System control number |
94690 |
| 040 ## - CATALOGING SOURCE |
| Original cataloging agency |
IFA |
| Transcribing agency |
IFA |
| Modifying agency |
UtOrBLW |
| 041 1# - LANGUAGE CODE |
| Language code of text/sound track or separate title |
spa |
| Language code of original |
eng |
| 049 ## - LOCAL HOLDINGS (OCLC) |
| Holding library |
IFAA |
| 099 ## - LOCAL FREE-TEXT CALL NUMBER (OCLC) |
| Filing suffix |
1991 |
| 999 ## - SYSTEM CONTROL NUMBERS (KOHA) |
| Koha Dewey Subclass [OBSOLETE] |
ESPANOL PICTURE BOOKS SCIESZKA 1991 |
| 100 1# - MAIN ENTRY--PERSONAL NAME |
| Personal name |
Scieszka, Jon, |
| Relator term |
author. |
| 245 13 - TITLE STATEMENT |
| Title |
La verdadera historia de los tres cerditos! / |
| Statement of responsibility, etc. |
por S. Lobo ; según se la contaron a Jon Scieszka ; ilustrada por Lane Smith. |
| 260 ## - PUBLICATION, DISTRIBUTION, ETC. (IMPRINT) |
| Place of publication, distribution, etc. |
New York, N.Y. : |
| Name of publisher, distributor, etc. |
Viking, |
| Date of publication, distribution, etc. |
c1991. |
| 264 #1 - PRODUCTION, PUBLICATION, DISTRIBUTION, MANUFACTURE, AND COPYRIGHT NOTICE |
| Place of production, publication, distribution, manufacture |
New York, N.Y. : |
| Name of producer, publisher, distributor, manufacturer |
Viking, |
| Date of production, publication, distribution, manufacture, or copyright notice |
[1991] |
| 264 #4 - PRODUCTION, PUBLICATION, DISTRIBUTION, MANUFACTURE, AND COPYRIGHT NOTICE |
| Date of production, publication, distribution, manufacture, or copyright notice |
c1991 |
| 300 ## - PHYSICAL DESCRIPTION |
| Extent |
32 unnumbered pages : |
| Other physical details |
color illustrations ; |
| Dimensions |
28 cm |
| 336 ## - CONTENT TYPE |
| Content type term |
text |
| Content type code |
txt |
| Source |
rdacontent |
| 337 ## - MEDIA TYPE |
| Media type term |
unmediated |
| Media type code |
n |
| Source |
rdamedia |
| 338 ## - CARRIER TYPE |
| Carrier type term |
volume |
| Carrier type code |
nc |
| Source |
rdacarrier |
| 520 ## - SUMMARY, ETC. |
| Summary, etc. |
S. Lobo relata su propria version extraña de lo que sucedio realmente cuando vino a las manos con los tres cerditos. |
| 520 ## - SUMMARY, ETC. |
| Summary, etc. |
The wolf gives his own outlandish version of what really happened when he tangled with the three little pigs. |
| 526 0# - STUDY PROGRAM INFORMATION NOTE |
| Program name |
Accelerated Reader |
| Interest level |
LG |
| Reading level |
3.0 |
| Title point value |
0.5 |
| Public note |
9506SP |
| 650 #0 - SUBJECT ADDED ENTRY--TOPICAL TERM |
| Topical term or geographic name as entry element |
Wolves |
| Form subdivision |
Folklore. |
| 650 #0 - SUBJECT ADDED ENTRY--TOPICAL TERM |
| Topical term or geographic name as entry element |
Swine |
| Form subdivision |
Folklore. |
| 650 #7 - SUBJECT ADDED ENTRY--TOPICAL TERM |
| Topical term or geographic name as entry element |
Lobos |
| Form subdivision |
Folklore |
| -- |
Literatura juvenil. |
| Source of heading or term |
bidex |
| 650 #7 - SUBJECT ADDED ENTRY--TOPICAL TERM |
| Topical term or geographic name as entry element |
Cerdos |
| Form subdivision |
Folklore |
| -- |
Literatura juvenil. |
| Source of heading or term |
bidex |
| 700 1# - ADDED ENTRY--PERSONAL NAME |
| Personal name |
Smith, Lane. |
| 942 ## - ADDED ENTRY ELEMENTS (KOHA) |
| Koha item type |
Libro/Book |